[Event "DEM U12 2023"]
[Site "Willingen GER"]
[Date "2023.05.31"]
[Round "5"]
[White "Stehning, Toni"]
[Black "Junge, Mattheo Gabriel"]
[Result "1/2-1/2"]
[Termination "normal"]
[Board "12"]
[WhiteElo "1499"]
[BlackElo "1302"]
[WhiteClock "00:22:10"]
[BlackClock "00:40:08"]
[PlyCount "86"]
[WhiteFideId "34623477"]
[BlackFideId "34605908"]
[EventCountry "GER"]
[EventRounds "9"]
[EventType "swiss"]
[EventDate "2023.05.27"]

1. e4 {[%clk 01:30:56]} {[%emt 00:00:03]} c6 {[%clk 01:30:53]} {[%emt
00:00:08]} 2. d4 {[%clk 01:31:21]} {[%emt 00:00:05]} d5 {[%clk 01:31:16]}
{[%emt 00:00:07]} 3. e5 {[%clk 01:31:43]} {[%emt 00:00:08]} Bf5 {[%clk
01:31:33]} {[%emt 00:00:12]} 4. h4 {[%clk 01:32:05]} {[%emt 00:00:09]} h5
{[%clk 01:31:51]} {[%emt 00:00:11]} 5. Bd3 {[%clk 01:32:21]} {[%emt 00:00:15]}
Bxd3 {[%clk 01:32:06]} {[%emt 00:00:14]} 6. Qxd3 {[%clk 01:32:46]} {[%emt
00:00:06]} Qa5+ {[%clk 01:32:17]} {[%emt 00:00:19]} 7. b4 {[%clk 01:33:03]}
{[%emt 00:00:14]} Qa6 {[%clk 01:30:12]} {[%emt 00:02:34]} 8. e6 {[%clk
01:30:26]} {[%emt 00:03:07]} Qxd3 {[%clk 01:30:16]} {[%emt 00:00:25]} 9. exf7+
{[%clk 01:30:48]} {[%emt 00:00:10]} Kxf7 {[%clk 01:30:38]} {[%emt 00:00:06]}
10. cxd3 {[%clk 01:31:14]} {[%emt 00:00:05]} e6 {[%clk 01:28:49]} {[%emt
00:02:19]} 11. Bd2 {[%clk 01:30:32]} {[%emt 00:01:13]} Ne7 {[%clk 01:28:23]}
{[%emt 00:00:54]} 12. Nf3 {[%clk 01:29:16]} {[%emt 00:01:47]} Nd7 {[%clk
01:22:59]} {[%emt 00:05:53]} 13. Ng5+ {[%clk 01:28:17]} {[%emt 00:01:30]} Kf6
{[%clk 01:22:31]} {[%emt 00:00:57]} 14. Na3 {[%clk 01:23:45]} {[%emt 00:05:03]}
Nf5 {[%clk 01:22:03]} {[%emt 00:00:57]} 15. Nc2 {[%clk 01:23:19]} {[%emt
00:00:57]} e5 {[%clk 01:17:45]} {[%emt 00:04:48]} 16. dxe5+ {[%clk 01:11:55]}
{[%emt 00:11:54]} Nxe5 {[%clk 01:17:33]} {[%emt 00:00:41]} 17. Rh3 {[%clk
01:11:30]} {[%emt 00:00:55]} Re8 {[%clk 01:12:35]} {[%emt 00:05:29]} 18. O-O-O
{[%clk 01:10:44]} {[%emt 00:01:16]} Bd6 {[%clk 01:10:21]} {[%emt 00:02:43]} 19.
Bc3 {[%clk 01:07:25]} {[%emt 00:03:50]} Kg6 {[%clk 01:08:25]} {[%emt 00:02:25]}
20. Bxe5 {[%clk 01:00:52]} {[%emt 00:07:03]} Rxe5 {[%clk 01:06:49]} {[%emt
00:02:06]} 21. g3 {[%clk 00:54:06]} {[%emt 00:07:17]} Re2 {[%clk 01:04:59]}
{[%emt 00:02:17]} 22. Re1 {[%clk 00:54:05]} {[%emt 00:00:33]} Rxe1+ {[%clk
01:04:35]} {[%emt 00:00:54]} 23. Nxe1 {[%clk 00:54:18]} {[%emt 00:00:18]} Bxb4
{[%clk 01:04:46]} {[%emt 00:00:18]} 24. Nef3 {[%clk 00:53:36]} {[%emt
00:01:13]} Re8 {[%clk 01:04:20]} {[%emt 00:00:55]} 25. Kb1 {[%clk 00:40:26]}
{[%emt 00:13:41]} c5 {[%clk 00:59:28]} {[%emt 00:05:22]} 26. Rh1 {[%clk
00:40:13]} {[%emt 00:00:43]} c4 {[%clk 00:58:35]} {[%emt 00:01:22]} 27. dxc4
{[%clk 00:39:02]} {[%emt 00:01:42]} dxc4 {[%clk 00:58:38]} {[%emt 00:00:26]}
28. Rc1 {[%clk 00:32:22]} {[%emt 00:07:11]} b5 {[%clk 00:57:48]} {[%emt
00:01:19]} 29. Rd1 {[%clk 00:32:00]} {[%emt 00:00:53]} Bc3 {[%clk 00:57:23]}
{[%emt 00:00:53]} 30. Nh3 {[%clk 00:31:41]} {[%emt 00:00:51]} Bf6 {[%clk
00:53:20]} {[%emt 00:04:32]} 31. Nf4+ {[%clk 00:31:36]} {[%emt 00:00:35]} Kh6
{[%clk 00:53:27]} {[%emt 00:00:23]} 32. Rd5 {[%clk 00:31:37]} {[%emt 00:00:30]}
g6 {[%clk 00:53:07]} {[%emt 00:00:49]} 33. Rxb5 {[%clk 00:31:29]} {[%emt
00:00:39]} Nd4 {[%clk 00:49:39]} {[%emt 00:03:56]} 34. Nxd4 {[%clk 00:30:15]}
{[%emt 00:01:45]} Bxd4 {[%clk 00:50:00]} {[%emt 00:00:09]} 35. Rg5 {[%clk
00:29:47]} {[%emt 00:00:59]} Re1+ {[%clk 00:48:30]} {[%emt 00:02:00]} 36. Kc2
{[%clk 00:29:26]} {[%emt 00:00:51]} Ra1 {[%clk 00:48:00]} {[%emt 00:00:58]} 37.
Rxg6+ {[%clk 00:29:28]} {[%emt 00:00:29]} Kh7 {[%clk 00:48:22]} {[%emt
00:00:07]} 38. Ra6 {[%clk 00:29:29]} {[%emt 00:00:31]} Rf1 {[%clk 00:46:19]}
{[%emt 00:02:30]} 39. Nxh5 {[%clk 00:26:35]} {[%emt 00:03:27]} Rxf2+ {[%clk
00:46:33]} {[%emt 00:00:16]} 40. Kd1 {[%clk 00:27:02]} {[%emt 00:00:03]} c3
{[%clk 00:46:35]} {[%emt 00:00:26]} 41. Ra3 {[%clk 00:22:13]} {[%emt 00:05:21]}
Rf1+ {[%clk 00:42:11]} {[%emt 00:04:54]} 42. Kc2 {[%clk 00:22:10]} {[%emt
00:00:32]} Rf2+ {[%clk 00:40:08]} {[%emt 00:02:33]} 43. Kd1 Rf1+ {[%clk
00:40:08]} 1/2-1/2

[Event "DEM U12 2023"]
[Site "Willingen GER"]
[Date "2023.05.31"]
[Round "5"]
[White "Allen, Phillipp"]
[Black "Kateryniuk, Ivan"]
[Result "1-0"]
[Termination "normal"]
[Board "13"]
[WhiteElo "1539"]
[BlackElo "1631"]
[WhiteClock "00:24:46"]
[BlackClock "00:23:27"]
[PlyCount "95"]
[WhiteFideId "16272846"]
[BlackFideId "34138943"]
[EventCountry "GER"]
[EventRounds "9"]
[EventType "swiss"]
[EventDate "2023.05.27"]

1. e4 {[%clk 01:30:59]} e5 {[%clk 01:13:36]} {[%emt 00:02:47]} 2. Nf3 {[%clk
01:31:20]} {[%emt 00:00:09]} Nf6 {[%clk 01:13:04]} {[%emt 00:01:02]} 3. Nxe5
{[%clk 01:31:38]} {[%emt 00:00:12]} d6 {[%clk 01:13:30]} {[%emt 00:00:04]} 4.
Nf3 {[%clk 01:31:59]} {[%emt 00:00:08]} Nxe4 {[%clk 01:13:56]} {[%emt
00:00:05]} 5. d4 {[%clk 01:32:18]} {[%emt 00:00:11]} d5 {[%clk 01:14:22]}
{[%emt 00:00:04]} 6. Bd3 {[%clk 01:32:37]} {[%emt 00:00:10]} Be7 {[%clk
01:09:54]} {[%emt 00:04:59]} 7. O-O {[%clk 01:32:50]} {[%emt 00:00:16]} Nd7
{[%clk 01:08:22]} {[%emt 00:02:02]} 8. c4 {[%clk 01:31:27]} {[%emt 00:01:53]}
c6 {[%clk 01:08:39]} {[%emt 00:00:13]} 9. Re1 {[%clk 01:31:17]} {[%emt
00:00:39]} Ndf6 {[%clk 01:08:34]} {[%emt 00:00:35]} 10. Nc3 {[%clk 01:31:01]}
{[%emt 00:00:46]} Nxc3 {[%clk 01:08:45]} {[%emt 00:00:20]} 11. bxc3 {[%clk
01:31:24]} {[%emt 00:00:07]} O-O {[%clk 01:08:41]} {[%emt 00:00:34]} 12. Rb1
{[%clk 01:29:58]} {[%emt 00:01:56]} Bd6 {[%clk 01:05:24]} {[%emt 00:03:47]} 13.
c5 {[%clk 01:28:22]} {[%emt 00:02:06]} Bc7 {[%clk 01:04:47]} {[%emt 00:01:07]}
14. Bg5 {[%clk 01:26:15]} {[%emt 00:02:37]} h6 {[%clk 01:05:08]} {[%emt
00:00:08]} 15. Bh4 {[%clk 01:24:38]} {[%emt 00:02:07]} Rb8 {[%clk 00:50:43]}
{[%emt 00:14:56]} 16. Ne5 {[%clk 01:05:34]} {[%emt 00:19:34]} g5 {[%clk
00:40:02]} {[%emt 00:11:11]} 17. Bg3 {[%clk 01:04:29]} {[%emt 00:01:34]} Ne4
{[%clk 00:39:04]} {[%emt 00:01:29]} 18. Bxe4 {[%clk 01:03:28]} {[%emt
00:01:31]} dxe4 {[%clk 00:39:25]} {[%emt 00:00:10]} 19. Nxc6 {[%clk 01:02:02]}
{[%emt 00:01:56]} bxc6 {[%clk 00:39:26]} {[%emt 00:00:29]} 20. Rxb8 {[%clk
01:02:23]} {[%emt 00:00:10]} Bxb8 {[%clk 00:39:33]} {[%emt 00:00:23]} 21. Bxb8
{[%clk 01:02:40]} {[%emt 00:00:13]} Bf5 {[%clk 00:37:33]} {[%emt 00:02:29]} 22.
Bd6 {[%clk 01:02:22]} {[%emt 00:00:49]} Re8 {[%clk 00:37:51]} {[%emt 00:00:11]}
23. h3 {[%clk 00:57:56]} {[%emt 00:04:56]} Qa5 {[%clk 00:35:34]} {[%emt
00:02:48]} 24. Qb3 {[%clk 00:48:55]} {[%emt 00:09:31]} Bg6 {[%clk 00:30:36]}
{[%emt 00:05:26]} 25. Re3 {[%clk 00:41:37]} {[%emt 00:07:49]} Bf5 {[%clk
00:28:05]} {[%emt 00:03:01]} 26. a4 {[%clk 00:33:57]} {[%emt 00:08:11]} Be6
{[%clk 00:22:41]} {[%emt 00:05:53]} 27. Qb4 {[%clk 00:32:44]} {[%emt 00:01:44]}
Qxb4 {[%clk 00:22:33]} {[%emt 00:00:37]} 28. cxb4 {[%clk 00:33:05]} {[%emt
00:00:10]} Bc4 {[%clk 00:21:25]} {[%emt 00:01:37]} 29. g4 {[%clk 00:31:49]}
{[%emt 00:01:46]} a6 {[%clk 00:11:51]} {[%emt 00:10:04]} 30. Rc3 {[%clk
00:26:42]} {[%emt 00:05:38]} Bd5 {[%clk 00:10:52]} {[%emt 00:01:29]} 31. Kf1
{[%clk 00:13:05]} {[%emt 00:14:07]} f6 {[%clk 00:10:44]} {[%emt 00:00:38]} 32.
Ke2 {[%clk 00:13:18]} {[%emt 00:00:17]} Kf7 {[%clk 00:11:06]} {[%emt 00:00:08]}
33. Ke3 {[%clk 00:12:51]} {[%emt 00:00:57]} Kg6 {[%clk 00:11:04]} {[%emt
00:00:31]} 34. b5 {[%clk 00:10:00]} {[%emt 00:03:22]} axb5 {[%clk 00:11:29]}
{[%emt 00:00:05]} 35. axb5 {[%clk 00:10:25]} {[%emt 00:00:05]} cxb5 {[%clk
00:11:50]} {[%emt 00:00:08]} 36. c6 {[%clk 00:10:07]} {[%emt 00:00:48]} f5
{[%clk 00:08:14]} {[%emt 00:04:06]} 37. gxf5+ {[%clk 00:09:20]} {[%emt
00:01:17]} Kxf5 {[%clk 00:08:42]} {[%emt 00:00:03]} 38. Rc5 {[%clk 00:08:34]}
{[%emt 00:01:16]} Ke6 {[%clk 00:08:57]} {[%emt 00:00:15]} 39. c7 {[%clk
00:08:32]} {[%emt 00:00:33]} Rc8 {[%clk 00:09:04]} {[%emt 00:00:23]} 40. Bg3
{[%clk 00:08:16]} {[%emt 00:00:45]} b4 {[%clk 00:07:40]} {[%emt 00:01:54]} 41.
Rb5 {[%clk 00:04:03]} {[%emt 00:04:44]} b3 {[%clk 00:07:48]} {[%emt 00:00:21]}
42. Kd2 {[%clk 00:00:43]} {[%emt 00:03:50]} Bc4 {[%clk 00:29:43]} {[%emt
00:08:36]} 43. Rc5 {[%clk 00:28:44]} {[%emt 00:02:29]} Bd5 {[%clk 00:28:12]}
{[%emt 00:02:00]} 44. Rb5 {[%clk 00:28:57]} {[%emt 00:00:18]} Bc4 {[%clk
00:28:35]} {[%emt 00:00:06]} 45. Rb6+ {[%clk 00:25:56]} {[%emt 00:03:31]} Kd7
{[%clk 00:24:45]} {[%emt 00:04:19]} 46. Rxh6 {[%clk 00:25:31]} {[%emt
00:00:56]} Bd3 {[%clk 00:23:31]} {[%emt 00:01:45]} 47. Kc3 {[%clk 00:24:58]}
{[%emt 00:01:03]} Bc2 {[%clk 00:23:27]} {[%emt 00:00:32]} 48. d5 {[%clk
00:24:46]} {[%emt 00:00:43]} 1-0

[Event "DEM U12 2023"]
[Site "Willingen GER"]
[Date "2023.05.31"]
[Round "5"]
[White "Polzin, Gustav"]
[Black "Berndt, Ronson"]
[Result "0-1"]
[Termination "normal"]
[Board "14"]
[WhiteElo "2018"]
[BlackElo "1475"]
[WhiteClock "00:08:30"]
[BlackClock "00:20:39"]
[PlyCount "132"]
[WhiteFideId "34603280"]
[BlackFideId "34618694"]
[EventCountry "GER"]
[EventRounds "9"]
[EventType "swiss"]
[EventDate "2023.05.27"]

1. e4 {[%clk 01:30:57]} {[%emt 00:00:03]} c5 {[%clk 01:30:55]} {[%emt
00:00:05]} 2. Nf3 {[%clk 01:31:10]} {[%emt 00:00:17]} e6 {[%clk 01:31:16]}
{[%emt 00:00:09]} 3. d4 {[%clk 01:31:25]} {[%emt 00:00:15]} cxd4 {[%clk
01:31:34]} {[%emt 00:00:12]} 4. Nxd4 {[%clk 01:31:45]} {[%emt 00:00:10]} a6
{[%clk 01:31:54]} {[%emt 00:00:09]} 5. Nc3 {[%clk 01:31:59]} {[%emt 00:00:16]}
Qc7 {[%clk 01:32:01]} {[%emt 00:00:23]} 6. Bd3 {[%clk 01:32:15]} {[%emt
00:00:14]} Nc6 {[%clk 01:31:28]} {[%emt 00:01:02]} 7. Nb3 {[%clk 01:31:42]}
{[%emt 00:01:04]} Nf6 {[%clk 01:30:21]} {[%emt 00:01:36]} 8. O-O {[%clk
01:31:22]} {[%emt 00:00:51]} Be7 {[%clk 01:29:29]} {[%emt 00:01:22]} 9. f4
{[%clk 01:31:16]} {[%emt 00:00:36]} d6 {[%clk 01:28:02]} {[%emt 00:01:57]} 10.
Be3 {[%clk 01:31:20]} {[%emt 00:00:26]} O-O {[%clk 01:23:41]} {[%emt 00:04:51]}
11. a4 {[%clk 01:30:48]} {[%emt 00:01:02]} b6 {[%clk 01:15:52]} {[%emt
00:08:19]} 12. Qf3 {[%clk 01:28:23]} {[%emt 00:02:54]} Nd7 {[%clk 01:00:56]}
{[%emt 00:15:26]} 13. Qf2 {[%clk 01:26:48]} {[%emt 00:02:05]} Nc5 {[%clk
00:58:02]} {[%emt 00:03:24]} 14. a5 {[%clk 01:25:42]} {[%emt 00:01:37]} Nxd3
{[%clk 00:56:22]} {[%emt 00:02:11]} 15. cxd3 {[%clk 01:25:52]} {[%emt
00:00:19]} b5 {[%clk 00:55:33]} {[%emt 00:01:20]} 16. d4 {[%clk 01:24:36]}
{[%emt 00:01:46]} b4 {[%clk 00:48:36]} {[%emt 00:07:27]} 17. Na4 {[%clk
01:20:45]} {[%emt 00:04:21]} Nxa5 {[%clk 00:45:56]} {[%emt 00:03:10]} 18. Rfc1
{[%clk 01:20:44]} {[%emt 00:00:31]} Qd8 {[%clk 00:46:00]} {[%emt 00:00:25]} 19.
Nxa5 {[%clk 01:20:33]} {[%emt 00:00:41]} Qxa5 {[%clk 00:46:13]} {[%emt
00:00:18]} 20. d5 {[%clk 01:00:52]} {[%emt 00:20:10]} Qb5 {[%clk 00:40:52]}
{[%emt 00:05:51]} 21. Nb6 {[%clk 00:59:26]} {[%emt 00:01:55]} Rb8 {[%clk
00:40:19]} {[%emt 00:01:03]} 22. Nc4 {[%clk 00:54:24]} {[%emt 00:05:33]} exd5
{[%clk 00:38:43]} {[%emt 00:02:06]} 23. Ra5 {[%clk 00:53:58]} {[%emt 00:00:57]}
dxc4 {[%clk 00:35:55]} {[%emt 00:03:18]} 24. Rxb5 {[%clk 00:54:12]} {[%emt
00:00:16]} axb5 {[%clk 00:36:18]} {[%emt 00:00:07]} 25. Bd4 {[%clk 00:53:13]}
{[%emt 00:01:29]} f6 {[%clk 00:35:46]} {[%emt 00:00:59]} 26. Ba7 {[%clk
00:48:42]} {[%emt 00:05:04]} Rb7 {[%clk 00:34:03]} {[%emt 00:02:13]} 27. f5
{[%clk 00:47:48]} {[%emt 00:01:25]} Bd7 {[%clk 00:31:37]} {[%emt 00:02:56]} 28.
Ra1 {[%clk 00:46:19]} {[%emt 00:01:58]} Rc8 {[%clk 00:27:42]} {[%emt 00:04:26]}
29. Be3 {[%clk 00:42:43]} {[%emt 00:04:06]} Bc6 {[%clk 00:23:26]} {[%emt
00:04:45]} 30. Qf3 {[%clk 00:42:33]} {[%emt 00:00:40]} Bf8 {[%clk 00:21:28]}
{[%emt 00:02:28]} 31. Bd2 {[%clk 00:41:19]} {[%emt 00:01:43]} b3 {[%clk
00:20:22]} {[%emt 00:01:37]} 32. Bb4 {[%clk 00:40:36]} {[%emt 00:01:13]} Re8
{[%clk 00:18:26]} {[%emt 00:02:25]} 33. Ra6 {[%clk 00:36:58]} {[%emt 00:04:08]}
Bxe4 {[%clk 00:16:12]} {[%emt 00:02:44]} 34. Qf4 {[%clk 00:35:28]} {[%emt
00:02:00]} Bd3 {[%clk 00:13:48]} {[%emt 00:02:54]} 35. Qd4 {[%clk 00:35:24]}
{[%emt 00:00:35]} Rbb8 {[%clk 00:10:11]} {[%emt 00:04:07]} 36. g4 {[%clk
00:29:05]} {[%emt 00:06:48]} Be4 {[%clk 00:08:09]} {[%emt 00:02:32]} 37. Bxd6
{[%clk 00:25:18]} {[%emt 00:04:17]} Rbd8 {[%clk 00:07:21]} {[%emt 00:01:18]}
38. Qc5 {[%clk 00:24:23]} {[%emt 00:01:26]} c3 {[%clk 00:04:47]} {[%emt
00:03:04]} 39. Qxb5 {[%clk 00:16:47]} {[%emt 00:08:05]} Bxd6 {[%clk 00:02:01]}
{[%emt 00:03:15]} 40. Rxd6 {[%clk 00:09:11]} {[%emt 00:08:07]} c2 {[%clk
00:01:07]} {[%emt 00:01:24]} 41. Qc4+ {[%clk 00:01:02]} {[%emt 00:08:40]} Kh8
{[%clk 00:30:16]} {[%emt 00:01:21]} 42. Rxd8 {[%clk 00:29:47]} {[%emt
00:01:45]} Rxd8 {[%clk 00:30:22]} {[%emt 00:00:25]} 43. Kf2 {[%clk 00:29:51]}
{[%emt 00:00:26]} h5 {[%clk 00:27:37]} {[%emt 00:03:14]} 44. Qc7 {[%clk
00:20:19]} {[%emt 00:10:02]} Rd1 {[%clk 00:25:07]} {[%emt 00:03:00]} 45. Qc8+
{[%clk 00:12:12]} {[%emt 00:08:38]} Kh7 {[%clk 00:24:03]} {[%emt 00:01:34]} 46.
Qe8 {[%clk 00:12:06]} {[%emt 00:00:35]} Rd8 {[%clk 00:23:09]} {[%emt 00:01:24]}
47. Qxd8 {[%clk 00:10:35]} {[%emt 00:02:01]} c1=Q {[%clk 00:22:46]} {[%emt
00:00:54]} 48. Qd4 {[%clk 00:08:35]} {[%emt 00:02:29]} Qf4+ {[%clk 00:21:29]}
{[%emt 00:01:46]} 49. Ke1 {[%clk 00:08:44]} {[%emt 00:00:22]} Qxg4 {[%clk
00:19:47]} {[%emt 00:02:13]} 50. Qc3 {[%clk 00:07:29]} {[%emt 00:01:45]} Qg1+
{[%clk 00:19:31]} {[%emt 00:00:45]} 51. Ke2 {[%clk 00:07:30]} {[%emt 00:00:30]}
Qxh2+ {[%clk 00:19:34]} {[%emt 00:00:27]} 52. Ke3 {[%clk 00:07:46]} {[%emt
00:00:13]} Bxf5 {[%clk 00:19:24]} {[%emt 00:00:41]} 53. Qb4 {[%clk 00:06:08]}
{[%emt 00:02:08]} Qg3+ {[%clk 00:19:39]} {[%emt 00:00:14]} 54. Kd2 {[%clk
00:05:50]} {[%emt 00:00:48]} Qf2+ {[%clk 00:19:00]} {[%emt 00:01:09]} 55. Kc3
{[%clk 00:04:50]} {[%emt 00:01:30]} Qe1+ {[%clk 00:19:17]} {[%emt 00:00:13]}
56. Kc4 {[%clk 00:04:41]} {[%emt 00:00:39]} Qxb4+ {[%clk 00:19:40]} {[%emt
00:00:08]} 57. Kd5 {[%clk 00:04:55]} {[%emt 00:00:15]} Qe4+ {[%clk 00:19:39]}
{[%emt 00:00:30]} 58. Kc5 {[%clk 00:05:19]} {[%emt 00:00:06]} Bg6 {[%clk
00:19:50]} {[%emt 00:00:19]} 59. Kd6 {[%clk 00:05:44]} {[%emt 00:00:06]} h4
{[%clk 00:19:55]} {[%emt 00:00:25]} 60. Kd7 {[%clk 00:06:04]} {[%emt 00:00:10]}
h3 {[%clk 00:20:04]} {[%emt 00:00:21]} 61. Kd8 {[%clk 00:06:30]} {[%emt
00:00:04]} h2 {[%clk 00:19:59]} {[%emt 00:00:35]} 62. Kd7 {[%clk 00:06:53]}
{[%emt 00:00:08]} h1=Q {[%clk 00:20:13]} {[%emt 00:00:16]} 63. Kd8 {[%clk
00:07:18]} {[%emt 00:00:03]} Qd1+ {[%clk 00:20:37]} {[%emt 00:00:08]} 64. Kc7
{[%clk 00:07:43]} {[%emt 00:00:05]} Qdd5 {[%clk 00:20:35]} {[%emt 00:00:33]}
65. Kb6 {[%clk 00:08:06]} {[%emt 00:00:07]} Qb4+ {[%clk 00:20:46]} {[%emt
00:00:18]} 66. Ka6 {[%clk 00:08:30]} {[%emt 00:00:06]} Qda5# {[%clk 00:20:39]}
{[%emt 00:00:06]} 0-1

[Event "DEM U12 2023"]
[Site "Willingen GER"]
[Date "2023.05.31"]
[Round "5"]
[White "Merenda, Lukas-Benedikt"]
[Black "Lee, Ho In"]
[Result "1-0"]
[Termination "normal"]
[Board "15"]
[WhiteElo "1479"]
[BlackElo "1492"]
[WhiteClock "00:04:36"]
[BlackClock "00:06:58"]
[PlyCount "119"]
[WhiteFideId "34603336"]
[BlackFideId "34623655"]
[EventCountry "GER"]
[EventRounds "9"]
[EventType "swiss"]
[EventDate "2023.05.27"]

1. e4 {[%clk 01:30:59]} {[%emt 00:00:01]} c5 {[%clk 01:30:55]} {[%emt
00:00:05]} 2. Nc3 {[%clk 01:31:23]} {[%emt 00:00:05]} Nc6 {[%clk 01:31:21]}
{[%emt 00:00:04]} 3. Bb5 {[%clk 01:31:48]} {[%emt 00:00:05]} Nd4 {[%clk
01:31:47]} {[%emt 00:00:04]} 4. Nf3 {[%clk 01:32:07]} {[%emt 00:00:11]} e6
{[%clk 01:32:11]} {[%emt 00:00:06]} 5. O-O {[%clk 01:30:06]} {[%emt 00:02:31]}
a6 {[%clk 01:32:36]} {[%emt 00:00:06]} 6. Bd3 {[%clk 01:30:30]} {[%emt
00:00:05]} Nxf3+ {[%clk 01:32:12]} {[%emt 00:00:55]} 7. Qxf3 {[%clk 01:30:53]}
{[%emt 00:00:08]} Qc7 {[%clk 01:32:36]} {[%emt 00:00:05]} 8. b3 {[%clk
01:30:56]} {[%emt 00:00:27]} Bd6 {[%clk 01:33:00]} {[%emt 00:00:06]} 9. Qh3
{[%clk 01:31:00]} {[%emt 00:00:26]} b6 {[%clk 01:31:56]} {[%emt 00:01:34]} 10.
Bb2 {[%clk 01:27:34]} {[%emt 00:03:56]} Be5 {[%clk 01:27:46]} {[%emt 00:04:40]}
11. Rae1 {[%clk 01:23:09]} {[%emt 00:04:55]} Ne7 {[%clk 01:25:25]} {[%emt
00:02:51]} 12. Na4 {[%clk 00:53:48]} {[%emt 00:29:51]} Bxb2 {[%clk 01:03:17]}
{[%emt 00:22:38]} 13. Nxb2 {[%clk 00:53:55]} {[%emt 00:00:23]} b5 {[%clk
01:03:08]} {[%emt 00:00:39]} 14. c3 {[%clk 00:48:25]} {[%emt 00:06:00]} Bb7
{[%clk 00:54:59]} {[%emt 00:08:38]} 15. f4 {[%clk 00:44:12]} {[%emt 00:04:44]}
Qb6 {[%clk 00:53:50]} {[%emt 00:01:39]} 16. Qe3 {[%clk 00:40:31]} {[%emt
00:04:10]} O-O {[%clk 00:50:21]} {[%emt 00:03:59]} 17. Bc2 {[%clk 00:39:33]}
{[%emt 00:01:29]} Rac8 {[%clk 00:40:34]} {[%emt 00:10:14]} 18. f5 {[%clk
00:34:33]} {[%emt 00:05:32]} exf5 {[%clk 00:36:36]} {[%emt 00:04:29]} 19. exf5
{[%clk 00:33:40]} {[%emt 00:01:22]} Nd5 {[%clk 00:36:42]} {[%emt 00:00:23]} 20.
Qh3 {[%clk 00:32:13]} {[%emt 00:01:58]} Nf6 {[%clk 00:34:12]} {[%emt 00:03:00]}
21. c4 {[%clk 00:29:12]} {[%emt 00:03:32]} Qa5 {[%clk 00:28:19]} {[%emt
00:06:23]} 22. Nd3 {[%clk 00:24:20]} {[%emt 00:05:21]} Qxd2 {[%clk 00:24:38]}
{[%emt 00:04:10]} 23. Rf2 {[%clk 00:24:31]} {[%emt 00:00:21]} Qc3 {[%clk
00:24:56]} {[%emt 00:00:12]} 24. Kf1 {[%clk 00:22:36]} {[%emt 00:02:25]} Rfe8
{[%clk 00:23:50]} {[%emt 00:01:36]} 25. Rfe2 {[%clk 00:21:32]} {[%emt
00:01:34]} Rxe2 {[%clk 00:23:57]} {[%emt 00:00:24]} 26. Rxe2 {[%clk 00:22:00]}
{[%emt 00:00:02]} Qa1+ {[%clk 00:24:12]} {[%emt 00:00:15]} 27. Ne1 {[%clk
00:21:55]} {[%emt 00:00:34]} bxc4 {[%clk 00:21:10]} {[%emt 00:03:32]} 28. bxc4
{[%clk 00:22:02]} {[%emt 00:00:23]} a5 {[%clk 00:21:31]} {[%emt 00:00:09]} 29.
g4 {[%clk 00:21:41]} {[%emt 00:00:50]} Ba6 {[%clk 00:20:47]} {[%emt 00:01:16]}
30. g5 {[%clk 00:21:00]} {[%emt 00:01:11]} Bxc4 {[%clk 00:20:48]} {[%emt
00:00:28]} 31. Bd3 {[%clk 00:20:53]} {[%emt 00:00:37]} Bxd3 {[%clk 00:20:57]}
{[%emt 00:00:21]} 32. Qxd3 {[%clk 00:21:22]} {[%emt 00:00:01]} Nh5 {[%clk
00:18:17]} {[%emt 00:03:10]} 33. Qxd7 {[%clk 00:20:08]} {[%emt 00:01:44]} Rf8
{[%clk 00:18:42]} {[%emt 00:00:05]} 34. Re8 {[%clk 00:19:32]} {[%emt 00:01:06]}
g6 {[%clk 00:17:13]} {[%emt 00:01:59]} 35. Rxf8+ {[%clk 00:19:11]} {[%emt
00:00:51]} Kxf8 {[%clk 00:17:35]} {[%emt 00:00:08]} 36. Qd8+ {[%clk 00:19:32]}
{[%emt 00:00:09]} Kg7 {[%clk 00:17:59]} {[%emt 00:00:07]} 37. f6+ {[%clk
00:19:54]} {[%emt 00:00:08]} Nxf6 {[%clk 00:18:24]} {[%emt 00:00:05]} 38. gxf6+
{[%clk 00:19:27]} {[%emt 00:00:57]} Qxf6+ {[%clk 00:18:48]} {[%emt 00:00:06]}
39. Qxf6+ {[%clk 00:19:53]} {[%emt 00:00:04]} Kxf6 {[%clk 00:19:14]} {[%emt
00:00:04]} 40. Kf2 {[%clk 00:20:03]} {[%emt 00:00:20]} Ke5 {[%clk 00:19:33]}
{[%emt 00:00:11]} 41. Ke3 {[%clk 00:20:22]} {[%emt 00:00:10]} f5 {[%clk
00:19:42]} {[%emt 00:00:21]} 42. Nf3+ {[%clk 00:18:36]} {[%emt 00:02:16]} Kd5
{[%clk 00:19:47]} {[%emt 00:00:26]} 43. h4 {[%clk 00:18:10]} {[%emt 00:00:57]}
Kc4 {[%clk 00:18:57]} {[%emt 00:01:20]} 44. Kd2 {[%clk 00:17:36]} {[%emt
00:01:03]} a4 {[%clk 00:14:10]} {[%emt 00:05:18]} 45. Ng5 {[%clk 00:17:26]}
{[%emt 00:00:40]} h6 {[%clk 00:13:38]} {[%emt 00:01:01]} 46. Nf7 {[%clk
00:17:43]} {[%emt 00:00:13]} g5 {[%clk 00:14:05]} {[%emt 00:00:04]} 47. h5
{[%clk 00:17:35]} {[%emt 00:00:38]} Kd5 {[%clk 00:11:50]} {[%emt 00:02:45]} 48.
Nxg5 {[%clk 00:16:15]} {[%emt 00:01:50]} Ke5 {[%clk 00:11:32]} {[%emt
00:00:48]} 49. Nf7+ {[%clk 00:14:18]} {[%emt 00:02:27]} Kf6 {[%clk 00:11:55]}
{[%emt 00:00:06]} 50. Nxh6 {[%clk 00:14:08]} {[%emt 00:00:40]} Kg5 {[%clk
00:12:21]} {[%emt 00:00:04]} 51. Nf7+ {[%clk 00:14:12]} {[%emt 00:00:27]} Kxh5
{[%clk 00:12:45]} {[%emt 00:00:06]} 52. Ke3 {[%clk 00:14:02]} {[%emt 00:00:40]}
Kg4 {[%clk 00:12:59]} {[%emt 00:00:16]} 53. Nd6 {[%clk 00:12:44]} {[%emt
00:01:48]} c4 {[%clk 00:12:04]} {[%emt 00:01:24]} 54. Nxc4 {[%clk 00:12:34]}
{[%emt 00:00:40]} Kg3 {[%clk 00:12:30]} {[%emt 00:00:05]} 55. Nd2 {[%clk
00:09:42]} {[%emt 00:03:22]} f4+ {[%clk 00:12:23]} {[%emt 00:00:36]} 56. Ke2
{[%clk 00:04:47]} {[%emt 00:05:25]} Kg2 {[%clk 00:10:11]} {[%emt 00:02:42]} 57.
a3 {[%clk 00:04:27]} {[%emt 00:00:51]} Kg3 {[%clk 00:10:33]} {[%emt 00:00:08]}
58. Kf1 {[%clk 00:04:36]} {[%emt 00:00:20]} f3 {[%emt 00:03:47]} 59. Kg1 f2+
{[%clk 00:06:58]} 60. Kf1 1-0